Catálogo

Vista normal Vista MARC

Entrada Personal Name

Número de registros utilizados en: 2

001 - CONTROL NUMBER

  • control field: 12672

003 - CONTROL NUMBER IDENTIFIER

  • control field: DLC

005 - DATE AND TIME OF LATEST TRANSACTION

  • control field: 20220530122518.0

008 - FIXED-LENGTH DATA ELEMENTS

  • fixed length control field: 091207n| acannaabn |a aaa c

010 ## - LIBRARY OF CONGRESS CONTROL NUMBER

  • LC control number: no2009195571

035 ## - SYSTEM CONTROL NUMBER

  • System control number: (OCoLC)oca08328500

040 ## - CATALOGING SOURCE

  • Original cataloging agency: MX-SlUA
  • Language of cataloging: spa
  • Transcribing agency: Mx-PuUPA
  • Modifying agency: Mx-PuUPA
  • Description conventions: rda

100 1# - HEADING--PERSONAL NAME

  • Personal name: Bernal Torres, César Augusto,

373 ## - ASSOCIATED GROUP

  • Associated group: Universidad de La Sabana, Colombia

374 ## - OCCUPATION

  • Occupation: Autor

375 ## - GENDER

  • Gender: hombre

377 ## - ASSOCIATED LANGUAGE

  • Language code: spa

400 1# - SEE FROM TRACING--PERSONAL NAME

  • Personal name: Torres, César Augusto Bernal

400 1# - SEE FROM TRACING--PERSONAL NAME

  • Personal name: Bernal, César Augusto

670 ## - SOURCE DATA FOUND

  • Source citation: Metodología de la investigación: para administración, economía, humanidades y ciencias sociales, 2006:
  • Information found: t.p. (César Augusto Bernal Torres , profesor investigador Facultad de Ciencias Económicas y Administrativas. Universidad de la Sabana, Colombia) cover p. 1 (César Augusto Bernal)